[Event "XVII Festival A"]
[Site "Robecchetto con Induno ITA"]
[Date "2006.12.29"]
[Round "6"]
[White "Aranovitch, Emiliano"]
[Black "Ranieri, Fabrizio"]
[Result "1/2-1/2"]
[WhiteElo "2278"]
[BlackElo "2229"]
[PlyCount "79"]
[EventDate "2006.12.27"]

1. e4 e6 2. d4 d5 3. Nc3 Nf6 4. Bg5 Bb4 5. e5 h6 6. Bd2 Bxc3 7. bxc3 Ne4 8. Qg4
g6 9. Bd3 Nxd2 10. Kxd2 c5 11. Nf3 Nc6 12. h4 Qa5 13. Qf4 b6 14. a4 Ba6 15. Bb5
Bxb5 16. axb5 Qxb5 17. Rhb1 Qc4 18. Rxb6 cxd4 19. Nxd4 Rc8 20. Rb7 O-O 21. Ra3
Nxd4 22. Qxd4 Qf1 23. Rb4 a6 24. g3 Rc6 25. Rab3 Rfc8 26. Rb8 Qc4 27. Qxc4 dxc4
28. Rxc8+ Rxc8 29. Rb6 a5 30. Ra6 Rc5 31. f4 g5 32. hxg5 hxg5 33. Ke3 Kg7 34.
Ra8 gxf4+ 35. gxf4 Kg6 36. Rg8+ Kh7 37. Ra8 Kg6 38. Rg8+ Kh7 39. Ra8 Kg6 40.
Rg8+ 1/2-1/2

[Event "XVII Festival A"]
[Site "Robecchetto con Induno ITA"]
[Date "2006.12.29"]
[Round "6"]
[White "Brighenti, Alessandro"]
[Black "Cervini, Gian Piero"]
[Result "0-1"]
[WhiteElo "1588"]
[BlackElo "1808"]
[PlyCount "76"]
[EventDate "2006.12.27"]

1. e4 d6 2. Nc3 Nf6 3. d4 g6 4. f4 Bg7 5. Nf3 c6 6. Bd3 O-O 7. e5 dxe5 8. fxe5
Nd5 9. O-O Nd7 10. Ne4 f6 11. exf6 N7xf6 12. Nxf6+ exf6 13. Qe1 Ne7 14. Qg3 Bf5
15. Bc4+ Kh8 16. c3 b5 17. Bb3 a5 18. a4 b4 19. Bf4 Nd5 20. Nh4 Be6 21. Bd6 Re8
22. Rae1 bxc3 23. bxc3 Qb6 24. Bc4 Qb2 25. Bxd5 Bxd5 26. Rb1 Qd2 27. Rb7 Qe3+
28. Qxe3 Rxe3 29. Rc1 Bh6 30. Rcb1 Rxc3 31. Rb8+ Rxb8 32. Rxb8+ Bg8 33. Ra8
Be3+ 34. Kf1 Bxd4 35. Rxa5 Bc4+ 36. Ke1 Re3+ 37. Kd1 Rd3+ 38. Ke1 Bc3+ 0-1

[Event "XVII Festival A"]
[Site "Robecchetto con Induno ITA"]
[Date "2006.12.29"]
[Round "6"]
[White "Brioschi, Camillo"]
[Black "Romano, Zeno"]
[Result "1/2-1/2"]
[WhiteElo "1862"]
[BlackElo "1850"]
[PlyCount "49"]
[EventDate "2006.12.27"]

1. d4 d5 2. Nf3 Nf6 3. c4 e6 4. Nc3 Be7 5. Bg5 O-O 6. e3 h6 7. Bh4 b6 8. Rc1
dxc4 9. Bxc4 Nbd7 10. O-O Bb7 11. Qe2 c5 12. Rfd1 Ne4 13. Bxe7 Qxe7 14. Nxe4
Bxe4 15. dxc5 Nxc5 16. b4 Nd7 17. Ba6 Nf6 18. Rd4 Rfd8 19. Rcd1 Rxd4 20. Rxd4
Rd8 21. a3 Bxf3 22. Rxd8+ Qxd8 23. Qxf3 Qd5 24. Qxd5 Nxd5 25. Kf1 1/2-1/2

[Event "XVII Festival A"]
[Site "Robecchetto con Induno ITA"]
[Date "2006.12.29"]
[Round "6"]
[White "Cardani, Roberto"]
[Black "Schingaro, Angelo"]
[Result "1-0"]
[WhiteElo "1903"]
[BlackElo "1704"]
[PlyCount "79"]
[EventDate "2006.12.27"]

1. e4 c6 2. d4 d5 3. Nc3 dxe4 4. Nxe4 Nd7 5. Bc4 Ngf6 6. Ng5 e6 7. Qe2 Nb6 8.
Bd3 h6 9. N5f3 c5 10. dxc5 Bxc5 11. Ne5 Nbd7 12. Ngf3 Nxe5 13. Nxe5 Qa5+ 14.
Bd2 Bxf2+ 15. Kf1 Qd5 16. Bb5+ Ke7 17. Bb4+ Bc5 18. Rd1 Qxd1+ 19. Qxd1 Bxb4 20.
Qd4 a5 21. Nd3 Rd8 22. Qh4 Rd5 23. Bc4 Rg5 24. Ke2 b5 25. Nxb4 axb4 26. Bd3
Re5+ 27. Kd2 Ra4 28. b3 Rxa2 29. Qxb4+ Ke8 30. Bxb5+ Bd7 31. Bxd7+ Nxd7 32. Rc1
Raa5 33. c4 Ra2+ 34. Rc2 Ra1 35. Kc3 Re3+ 36. Kb2 Ree1 37. Kc3 e5 38. Qd6 Rad1
39. Rd2 Rc1+ 40. Kb4 1-0

[Event "XVII Festival A"]
[Site "Robecchetto con Induno ITA"]
[Date "2006.12.29"]
[Round "6"]
[White "Crepaldi, Marco"]
[Black "Colombo, Sandro"]
[Result "0-1"]
[WhiteElo "1898"]
[BlackElo "1854"]
[PlyCount "52"]
[EventDate "2006.12.27"]

1. e4 c5 2. Nf3 Nc6 3. d4 cxd4 4. Nxd4 Nf6 5. Nc3 e5 6. Ndb5 d6 7. Bg5 a6 8.
Na3 b5 9. Nd5 Be7 10. Bxf6 Bxf6 11. c3 O-O 12. Nc2 Bg5 13. Bd3 Ne7 14. Nce3 Be6
15. h4 Bxe3 16. Nxe3 d5 17. exd5 Bxd5 18. Qc2 h6 19. O-O-O Ra7 20. Rh3 Rd7 21.
h5 Bxa2 22. Rg3 Bb3 23. Bh7+ Kh8 24. Rxd7 Qxd7 25. Qe4 Rd8 26. Nd5 Qxd5 0-1

[Event "XVII Festival A"]
[Site "Robecchetto con Induno ITA"]
[Date "2006.12.29"]
[Round "6"]
[White "Damia, Angelo"]
[Black "Barlocco, Carlo"]
[Result "1-0"]
[WhiteElo "2099"]
[BlackElo "2198"]
[PlyCount "67"]
[EventDate "2006.12.27"]

1. e4 Nc6 2. d4 d6 3. Nc3 Nf6 4. Nf3 Bg4 5. Be3 e6 6. Bb5 a6 7. Ba4 d5 8. h3
Bh5 9. g4 Bg6 10. Ne5 Bb4 11. Nxc6 Bxc3+ 12. bxc3 Qd7 13. Qb1 bxc6 14. e5 Ne4
15. Qb4 h5 16. f3 Ng3 17. Rg1 h4 18. Qc5 Kd8 19. Bxc6 Qe7 20. Bxa8 Qxc5 21.
dxc5 Ke7 22. Bb7 Bxc2 23. c6 Bd3 24. Kd2 Bc4 25. Bc5+ Kd8 26. Rab1 f6 27. Bxa6
Bxa6 28. Rb8+ Bc8 29. a4 fxe5 30. a5 e4 31. a6 exf3 32. Rxc8+ Kxc8 33. a7 Rd8
34. a8=Q# 1-0

[Event "XVII Festival A"]
[Site "Robecchetto con Induno ITA"]
[Date "2006.12.29"]
[Round "6"]
[White "Dragojlovic, Andjelko"]
[Black "Gagliardi, Christian"]
[Result "1-0"]
[WhiteElo "2383"]
[BlackElo "2119"]
[PlyCount "91"]
[EventDate "2006.12.27"]

1. e4 g6 2. d4 Bg7 3. Nf3 d6 4. h3 Nf6 5. Nc3 O-O 6. Be3 c6 7. a4 Qc7 8. Be2
Nbd7 9. O-O e5 10. Qd2 Re8 11. dxe5 dxe5 12. Rfd1 a5 13. Bc4 Nf8 14. Qd6 Qxd6
15. Rxd6 h6 16. Rad1 Be6 17. Nd2 Red8 18. Rxd8 Rxd8 19. Be2 N8d7 20. Nc4 Bxc4
21. Bxc4 Re8 22. f3 Bf8 23. Kf1 Kg7 24. g4 Bc5 25. Bc1 Nb6 26. Bb3 Nh7 27. Bd2
Ng5 28. Kg2 Ne6 29. Ne2 Bb4 30. Bxb4 axb4 31. a5 Nc8 32. Rd7 Re7 33. Bxe6 fxe6
34. Rd8 Na7 35. Ra8 Nb5 36. Kf2 Nc7 37. Rd8 Na6 38. Nc1 Nc5 39. Nd3 Nxd3+ 40.
cxd3 b6 41. axb6 Rb7 42. Rd6 Rxb6 43. Rxe6 Ra6 44. Rxe5 Ra2 45. Rc5 Rxb2+ 46.
Ke3 1-0

[Event "XVII Festival A"]
[Site "Robecchetto con Induno ITA"]
[Date "2006.12.29"]
[Round "6"]
[White "Laketic, Gojko"]
[Black "Brugo, Marco"]
[Result "1-0"]
[WhiteElo "2441"]
[BlackElo "2091"]
[PlyCount "49"]
[EventDate "2006.12.27"]

1. d4 e6 2. Nf3 f5 3. g3 Nf6 4. Bg2 Be7 5. c4 O-O 6. Nc3 d6 7. Qc2 Nc6 8. d5
Nb4 9. Qa4 Na6 10. dxe6 Nc5 11. Qc2 Bxe6 12. Nd4 Bxc4 13. Nxf5 Ng4 14. O-O Bf6
15. Na4 b5 16. Nxc5 dxc5 17. Qe4 Ne5 18. b3 Be6 19. Bf4 Bxf5 20. Qxf5 Qc8 21.
Qe4 Qe6 22. Qd5 Qxd5 23. Bxd5+ Nf7 24. Rac1 Rad8 25. Rxc5 1-0

[Event "XVII Festival A"]
[Site "Robecchetto con Induno ITA"]
[Date "2006.12.29"]
[Round "6"]
[White "Marinone, Lucio"]
[Black "Revinelli, Sergio"]
[Result "0-1"]
[WhiteElo "1980"]
[BlackElo "1847"]
[PlyCount "70"]
[EventDate "2006.12.27"]

1. d4 d5 2. Nf3 Nf6 3. c4 c6 4. Nc3 e6 5. Bg5 dxc4 6. e4 b5 7. e5 h6 8. Bh4 g5
9. Nxg5 hxg5 10. Bxg5 Nbd7 11. g3 Bb7 12. Bg2 Qb6 13. exf6 O-O-O 14. O-O c5 15.
Bxb7+ Qxb7 16. d5 b4 17. dxe6 Ne5 18. Qxd8+ Kxd8 19. e7+ Bxe7 20. fxe7+ Kc8 21.
f4 Nd3 22. Nd1 Qe4 23. Nf2 Qd4 24. Kg2 Qd5+ 25. Kg1 Qd4 26. Rad1 Qxb2 27. f5 f6
28. Rd2 Qd4 29. Re1 Re8 30. Re4 Qd5 31. Ng4 Qxe4 32. Bxf6 Qxg4 33. Bh4 Qd4+ 34.
Kg2 Qe4+ 35. Kh3 Rxe7 0-1

[Event "XVII Festival A"]
[Site "Robecchetto con Induno ITA"]
[Date "2006.12.29"]
[Round "6"]
[White "Pepa, Syrja"]
[Black "Primerano, Carlo"]
[Result "1-0"]
[WhiteElo "1814"]
[BlackElo "1758"]
[PlyCount "79"]
[EventDate "2006.12.27"]

1. e4 c6 2. d4 d5 3. Nc3 dxe4 4. Nxe4 Nd7 5. Nf3 Ngf6 6. Ng3 e6 7. Bc4 Nb6 8.
Bb3 c5 9. O-O c4 10. Ne5 cxb3 11. axb3 Be7 12. c4 O-O 13. Be3 Nbd7 14. Nd3 b6
15. f3 Bb7 16. Qc2 Qc7 17. b4 Bd6 18. Bf2 Rfc8 19. b3 a5 20. b5 Qd8 21. Rfc1
Bxg3 22. Bxg3 Nf8 23. Bf2 Ng6 24. Rd1 Qe8 25. Re1 Qd8 26. Rad1 Qf8 27. Nb2 Nd7
28. Na4 Rd8 29. c5 bxc5 30. dxc5 Bd5 31. c6 Nde5 32. c7 Qb4 33. cxd8=Q+ Rxd8
34. Nb6 Qxb5 35. Nxd5 Rxd5 36. Rxd5 Qxd5 37. Rd1 Qb7 38. Rd8+ Nf8 39. Qc8 Qxc8
40. Rxc8 1-0

[Event "XVII Festival A"]
[Site "Robecchetto con Induno ITA"]
[Date "2006.12.29"]
[Round "6"]
[White "Sbarra, Marco"]
[Black "Cantu', Guido"]
[Result "1-0"]
[WhiteElo "2280"]
[BlackElo "1819"]
[PlyCount "83"]
[EventDate "2006.12.27"]

1. Nf3 Nf6 2. c4 e6 3. g3 b6 4. Bg2 Bb7 5. O-O Be7 6. Nc3 O-O 7. b3 c5 8. Bb2
d5 9. e3 Nc6 10. cxd5 exd5 11. d4 Rc8 12. Rc1 Ne4 13. dxc5 Nxc3 14. Bxc3 bxc5
15. Qd2 Qd6 16. Rfd1 Rfd8 17. Qb2 Bf8 18. Nh4 Qe6 19. Nf3 Rc7 20. Rd2 Rcd7 21.
Rcd1 f6 22. h4 Re8 23. Kh1 Rdd8 24. Ng1 Ne5 25. Ne2 g5 26. Bxe5 Qxe5 27. Qxe5
Rxe5 28. hxg5 fxg5 29. Nc3 Kf7 30. Nxd5 Bxd5 31. Bxd5+ Kf6 32. g4 Bd6 33. Kg2
Bc7 34. Bc4 Ree8 35. Kf3 Rxd2 36. Rxd2 Rd8 37. Rxd8 Bxd8 38. Ke4 h6 39. Kd5 Bb6
40. Kd6 Kg7 41. e4 Kf8 42. e5 1-0

[Event "XVII Festival A"]
[Site "Robecchetto con Induno ITA"]
[Date "2006.12.29"]
[Round "6"]
[White "Volpi, Davide"]
[Black "Morandi, Daniele"]
[Result "1-0"]
[WhiteElo "2053"]
[BlackElo "1874"]
[PlyCount "79"]
[EventDate "2006.12.27"]

1. e4 e5 2. Nf3 Nc6 3. Bb5 a6 4. Bxc6 dxc6 5. O-O f6 6. d4 exd4 7. Nxd4 c5 8.
Nb3 Qxd1 9. Rxd1 Bg4 10. f3 Be6 11. Nc3 Bd6 12. Be3 b6 13. Nc1 Ne7 14. Nd3 Nc6
15. Nf4 Bf7 16. Nfd5 O-O-O 17. Bf4 Ne5 18. Kf2 Kb7 19. Bg3 h5 20. h4 c6 21. Ne3
Be6 22. f4 Ng4+ 23. Kf3 Nxe3 24. Kxe3 g5 25. e5 gxf4+ 26. Bxf4 Bxe5 27. Bxe5
fxe5 28. Ke4 Bg4 29. Rxd8 Rxd8 30. Kxe5 Rd2 31. Rf1 b5 32. a4 Rxc2 33. a5 Rxb2
34. Rf7+ Kb8 35. Kd6 b4 36. Na4 Ra2 37. Nb6 Rd2+ 38. Kxc6 Bd7+ 39. Nxd7+ Rxd7
40. Rxd7 1-0

[Event "XII Festival A"]
[Site "Montecatini Terme ITA"]
[Date "2006.12.??"]
[Round "4"]
[White "Pepino, Enrico"]
[Black "Collutiis, Duilio"]
[Result "1/2-1/2"]
[WhiteElo "2196"]
[BlackElo "2409"]
[PlyCount "72"]
[EventDate "2006.12.27"]

1. e4 c5 2. Nf3 e6 3. d4 cxd4 4. Nxd4 a6 5. g3 Qc7 6. Bg2 Nc6 7. Nb3 Nf6 8. O-O
d6 9. a4 b6 10. f4 Bb7 11. Nc3 Be7 12. Qe2 Rc8 13. Be3 Nb4 14. h3 d5 15. e5 Ne4
16. Nxe4 dxe4 17. c3 Nd3 18. Bd4 Bd5 19. Bxe4 Bxe4 20. Qxe4 Nxb2 21. f5 exf5
22. Qxf5 O-O 23. Rf2 Nc4 24. Raf1 Qc6 25. Qg4 g6 26. h4 Qe6 27. Qf4 Bc5 28. h5
Bxd4 29. cxd4 Qd5 30. Qh6 Qe4 31. hxg6 Qxg6 32. Qh3 Ne3 33. Rf6 Qg4 34. Qxg4+
Nxg4 35. Rxb6 Rc3 36. Rc1 Rfc8 1/2-1/2

[Event "XII Festival A"]
[Site "Montecatini Terme ITA"]
[Date "2006.12.??"]
[Round "6"]
[White "Menchetti, Carlo"]
[Black "Frugoli, Francesco"]
[Result "0-1"]
[WhiteElo "1865"]
[BlackElo "2143"]
[PlyCount "106"]
[EventDate "2006.12.27"]

1. e4 e5 2. Nf3 Nc6 3. Bb5 f5 4. Nc3 Nf6 5. d4 fxe4 6. Nxe5 Bb4 7. Bg5 O-O 8.
O-O Bxc3 9. bxc3 Qe8 10. Bxf6 Rxf6 11. Ng4 Rf8 12. Ne3 Ne7 13. Bc4+ Kh8 14. Be2
Qg6 15. Bg4 d6 16. Bxc8 Raxc8 17. c4 Rf4 18. Rb1 b6 19. Rb5 c6 20. Rh5 Rcf8 21.
Rh3 Nf5 22. c3 Nh6 23. Qa4 Qf6 24. Qc2 Nf7 25. Qe2 Nh6 26. Qc2 Nf5 27. Qe2 h6
28. Ng4 Qg5 29. Ne3 Nxe3 30. Qxe3 Qf5 31. Qe2 d5 32. cxd5 Qxd5 33. Re3 R8f6 34.
f3 exf3 35. Rexf3 Rxf3 36. Rxf3 Rxf3 37. Qxf3 Qxf3 38. gxf3 Kh7 39. Kf2 Kg6 40.
Ke3 Kf5 41. c4 g5 42. h3 h5 43. a4 h4 44. Kd3 Kf4 45. d5 cxd5 46. cxd5 Ke5 47.
Kc4 a6 48. a5 bxa5 49. Kc5 a4 50. d6 Ke6 51. Kc6 a3 52. d7 a2 53. d8=Q 53...
a1=Q {...} 0-1

[Event "XLIX Torneo di Capodanno"]
[Site "Reggio nell'Emilia ITA"]
[Date "2006.12.30"]
[Round "1"]
[White "Mogranzini, Roberto"]
[Black "Rombaldoni, Denis"]
[Result "1-0"]
[WhiteElo "2401"]
[BlackElo "2377"]
[PlyCount "91"]
[EventDate "2006.12.30"]

1. e4 c6 2. d4 d5 3. e5 Bf5 4. c4 e6 5. Nc3 Nd7 6. a3 f6 7. f4 fxe5 8. fxe5
dxc4 9. Nge2 b5 10. Ng3 Ne7 11. Qf3 Bg6 12. Nce4 Nf5 13. Nxf5 Bxf5 14. Ng3 Rc8
15. Nxf5 exf5 16. h4 Be7 17. Qxf5 Bxh4+ 18. Kd1 g6 19. Qe6+ Qe7 20. Qg4 O-O 21.
g3 Nxe5 22. dxe5 Qxe5 23. Bxc4+ bxc4 24. Qxc4+ Rf7 25. Rxh4 Rd8+ 26. Kc2 Rd5
27. Kb3 Rc5 28. Qe4 Qxg3+ 29. Ka2 Re5 30. Qc4 Ref5 31. Bd2 Qd6 32. Bc3 Rc5 33.
Qb3 Rb5 34. Rxh7 Kxh7 35. Qxf7+ Kh6 36. Rh1+ Rh5 37. Rxh5+ Kxh5 38. Qh7+ Kg4
39. Qxa7 Qd5+ 40. b3 c5 41. Qa6 Qg2+ 42. Bb2 g5 43. Qc4+ Kh3 44. Qxc5 g4 45. a4
Qe4 46. Bd4 1-0

[Event "XLIX Torneo di Capodanno"]
[Site "Reggio nell'Emilia ITA"]
[Date "2007.01.06"]
[Round "8"]
[White "Iordachescu, Viorel"]
[Black "Khenkin, Igor"]
[Result "1/2-1/2"]
[WhiteElo "2564"]
[BlackElo "2620"]
[PlyCount "41"]
[EventDate "2006.12.30"]

1. e4 c6 2. d4 d5 3. Nd2 dxe4 4. Nxe4 Bf5 5. Ng3 Bg6 6. h4 h6 7. Nf3 Nd7 8. h5
Bh7 9. Bd3 Bxd3 10. Qxd3 e6 11. Bf4 Qa5+ 12. Bd2 Bb4 13. c3 Be7 14. c4 Qc7 15.
d5 cxd5 16. cxd5 Qd6 17. Qb5 Ngf6 18. dxe6 Qxe6+ 19. Kf1 O-O 20. Re1 Qd5 21.
Qxd5 1/2-1/2

[Event "III Torneo A Natale Vomero"]
[Site "Napoli ITA"]
[Date "2006.11.09"]
[Round "1"]
[White "Capozzoli, Silvio"]
[Black "De Rosa, Mariagrazia"]
[Result "0-1"]
[WhiteElo "1906"]
[BlackElo "2095"]
[PlyCount "48"]
[EventDate "2006.11.09"]

1. c4 e5 2. Nc3 Nf6 3. g3 d5 4. cxd5 Nxd5 5. Qb3 Nb6 6. Bg2 Nc6 7. Nf3 Be6 8.
Qd1 Be7 9. d3 f6 10. Bd2 Qd7 11. h4 O-O-O 12. Rc1 Nd4 13. Nxd4 exd4 14. Ne4
Rhe8 15. Nc5 Bxc5 16. Rxc5 Bg4 17. f3 Qd6 18. Bf4 Qxc5 19. fxg4 g5 20. hxg5
fxg5 21. Bd2 Qe5 22. Kf2 Rd7 23. Bf3 Rf7 24. Qb3 Rxf3+ 0-1

[Event "III Torneo A Natale Vomero"]
[Site "Napoli ITA"]
[Date "2006.11.09"]
[Round "1"]
[White "Ficco, Corrado"]
[Black "Benedetto, Massimo"]
[Result "0-1"]
[WhiteElo "2185"]
[BlackElo "1909"]
[PlyCount "58"]
[EventDate "2006.11.09"]

1. e4 e6 2. d4 d5 3. Nd2 Be7 4. Ngf3 Nf6 5. e5 Nfd7 6. Bd3 c5 7. c3 Nc6 8. h4
f6 9. exf6 Nxf6 10. h5 Qb6 11. h6 g6 12. Ne5 cxd4 13. Bxg6+ hxg6 14. Nxg6 dxc3
15. bxc3 Rh7 16. Nf3 Bc5 17. Ng5 Ne4 18. Nxe4 dxe4 19. Qh5 Bxf2+ 20. Kf1 Rf7
21. Bf4 Bg3 22. Qe2 Bxf4 23. Nxf4 Rxf4+ 24. Ke1 Qc5 25. Rd1 Qxc3+ 26. Rd2 e3
27. h7 exd2+ 28. Qxd2 Qxd2+ 29. Kxd2 Rf8 0-1

[Event "III Torneo A Natale Vomero"]
[Site "Napoli ITA"]
[Date "2006.11.09"]
[Round "1"]
[White "Pinto, Gaetano"]
[Black "Paciocco, Renato"]
[Result "1-0"]
[WhiteElo "2007"]
[BlackElo "1808"]
[PlyCount "37"]
[EventDate "2006.11.09"]

1. d4 d5 2. c4 e5 3. Nc3 exd4 4. Qxd4 Nc6 5. Qxd5 Be6 6. Qb5 Qd7 7. Bf4 O-O-O
8. Nf3 Bb4 9. e3 Bg4 10. Be2 Bxf3 11. gxf3 Qd2+ 12. Kf1 Qxb2 13. Rd1 Qxc3 14.
Qf5+ Kb8 15. Rxd8+ Nxd8 16. Qd7 a6 17. Qxc7+ Ka7 18. Qb8+ Kb6 19. Qxd8+ 1-0

[Event "III Torneo A Natale Vomero"]
[Site "Napoli ITA"]
[Date "2006.11.09"]
[Round "1"]
[White "Schiappoli, Dario"]
[Black "Rosato, Luciano"]
[Result "0-1"]
[WhiteElo "1942"]
[BlackElo "2230"]
[PlyCount "50"]
[EventDate "2006.11.09"]

1. e4 g6 2. d4 Bg7 3. Nc3 c6 4. Bc4 b5 5. Bb3 b4 6. Qf3 e6 7. Nce2 d5 8. Be3 a5
9. Ba4 Nf6 10. e5 Nfd7 11. c4 Nb6 12. cxd5 Nxa4 13. dxc6 Qd5 14. Rc1 Nxb2 15.
Nf4 Qxf3 16. Nxf3 O-O 17. Rc2 Na4 18. d5 exd5 19. Nxd5 Na6 20. O-O Be6 21. Nf4
Nc7 22. Re1 Rfc8 23. Bd4 Bh6 24. Be3 Bxf4 25. Bxf4 Nd5 0-1

[Event "III Torneo A Natale Vomero"]
[Site "Napoli ITA"]
[Date "2006.11.16"]
[Round "2"]
[White "De Rosa, Mariagrazia"]
[Black "De Rosa, Francesco"]
[Result "1-0"]
[WhiteElo "2095"]
[BlackElo "1949"]
[PlyCount "55"]
[EventDate "2006.11.09"]

1. e4 e5 2. Nf3 Nf6 3. Nxe5 d6 4. Nf3 Nxe4 5. Nc3 Nxc3 6. dxc3 Be7 7. Be3 O-O
8. Qd2 Bf5 9. O-O-O Nc6 10. h4 h6 11. Kb1 Bf6 12. Be2 Re8 13. Nd4 Nxd4 14. cxd4
Be4 15. Rh3 Kf8 16. g4 Qd7 17. Rh2 Qe6 18. g5 hxg5 19. hxg5 Bd8 20. d5 Qe5 21.
Bf4 Qf5 22. Bd3 Bxd3 23. cxd3 f6 24. Rh8+ Kf7 25. g6+ Qxg6 26. Rxe8 Kxe8 27.
Qe3+ Be7 28. Rh1 1-0

[Event "III Torneo A Natale Vomero"]
[Site "Napoli ITA"]
[Date "2006.11.16"]
[Round "2"]
[White "Rosato, Luciano"]
[Black "Pinto, Gaetano"]
[Result "1-0"]
[WhiteElo "2230"]
[BlackElo "2007"]
[PlyCount "63"]
[EventDate "2006.11.09"]

1. Nf3 d5 2. g3 c6 3. Bg2 e6 4. O-O Bd6 5. d3 Ne7 6. e4 O-O 7. e5 Bc7 8. d4 b5
9. Nbd2 Bb7 10. h4 Nd7 11. Re1 a5 12. Nf1 Nb6 13. N1h2 Nc4 14. h5 Qb8 15. Ng4
Kh8 16. h6 g6 17. Nf6 Ng8 18. Nd7 Qc8 19. Nxf8 Qxf8 20. Bf1 Nxh6 21. b3 Nb6 22.
Bd3 Bd8 23. Kg2 Nf5 24. Rh1 h5 25. g4 Ng7 26. Bg5 Kg8 27. gxh5 Nxh5 28. Qd2 b4
29. Rag1 Ng7 30. Bxd8 Qxd8 31. Qh6 f5 32. Ng5 1-0

[Event "III Torneo A Natale Vomero"]
[Site "Napoli ITA"]
[Date "2006.11.16"]
[Round "2"]
[White "Vannini, Aldo"]
[Black "Esposito, Rosario"]
[Result "0-1"]
[WhiteElo "2011"]
[BlackElo "1700"]
[PlyCount "64"]
[EventDate "2006.11.09"]

1. e4 c5 2. Nf3 e6 3. d4 cxd4 4. Nxd4 Nc6 5. Nc3 a6 6. Be3 Qc7 7. Qd2 Nf6 8. a3
b5 9. Be2 Bb7 10. f3 Be7 11. b4 Nxb4 12. O-O Nc6 13. Nb3 Ne5 14. Rfe1 O-O 15.
Bd3 Rac8 16. Ne2 Nxd3 17. cxd3 Qc2 18. Qxc2 Rxc2 19. Nbd4 Rc7 20. Rec1 Rfc8 21.
Rxc7 Rxc7 22. Rc1 Rxc1+ 23. Bxc1 Bc5 24. Kf1 d5 25. Nb3 Bb6 26. Bd2 Kf8 27. e5
Nd7 28. d4 Ke8 29. Nf4 Kd8 30. Ke2 Nb8 31. h4 Nc6 32. Ke3 Nxe5 0-1

[Event "III Torneo A Natale Vomero"]
[Site "Napoli ITA"]
[Date "2006.11.23"]
[Round "3"]
[White "Accardo, Francesco"]
[Black "Della Ragione, Achille"]
[Result "0-1"]
[WhiteElo "1843"]
[BlackElo "2003"]
[PlyCount "28"]
[EventDate "2006.11.09"]

1. g4 d5 2. h3 e5 3. Bg2 f5 4. gxf5 Bxf5 5. c4 c6 6. cxd5 cxd5 7. Qb3 Nf6 8.
Qxb7 Nbd7 9. Nc3 Nc5 10. Qc6+ Bd7 11. Nxd5 Bxc6 12. Nxf6+ Qxf6 13. Bxc6+ Qxc6
14. Nf3 Nd7 0-1

[Event "III Torneo A Natale Vomero"]
[Site "Napoli ITA"]
[Date "2006.11.23"]
[Round "3"]
[White "Benedetto, Massimo"]
[Black "Altieri, Danilo Mario"]
[Result "0-1"]
[WhiteElo "1909"]
[BlackElo "1974"]
[PlyCount "116"]
[EventDate "2006.11.09"]

1. e4 d5 2. exd5 Nf6 3. d4 Nxd5 4. c4 Nb6 5. Nc3 g6 6. Be3 Bg7 7. Rc1 Nc6 8. d5
Ne5 9. c5 Nbc4 10. Bxc4 Nxc4 11. Qa4+ c6 12. Qxc4 cxd5 13. Nxd5 Be6 14. Qa4+
Bd7 15. Qb3 Bc6 16. Rd1 Qa5+ 17. Bd2 Qxc5 18. Bb4 Bxd5 19. Rxd5 Qc1+ 20. Rd1
Qxb2 21. Nf3 Qxb3 22. axb3 a5 23. Ba3 b5 24. Nd4 b4 25. Bb2 O-O-O 26. O-O Rd7
27. Rd2 Rhd8 28. Rfd1 Kb7 29. Ne6 Rxd2 30. Nxd8+ Rxd8 31. Rxd8 Bxb2 32. Rd7+
Kc6 33. Rxe7 f6 34. Rxh7 Kd5 35. Ra7 Kd4 36. Rc7 Kd3 37. Rc5 Bc3 38. Rxa5 Kc2
39. Ra8 Kxb3 40. Re8 Kc2 41. Re2+ Bd2 42. Re6 Bc3 43. Re2+ Kd3 44. Re3+ Kd2 45.
Kf1 b3 46. Re2+ Kd3 47. Re3+ Kc2 48. Re2+ Bd2 49. Re6 b2 50. Rb6 b1=Q+ 51. Rxb1
Kxb1 52. h4 Kc2 53. Ke2 Kc3 54. g4 Bh6 55. h5 gxh5 56. gxh5 Kd4 57. Kf3 Ke5 58.
Kg3 Kf5 0-1

[Event "III Torneo A Natale Vomero"]
[Site "Napoli ITA"]
[Date "2006.11.23"]
[Round "3"]
[White "Cosenza, Gianni"]
[Black "De Rosa, Mariagrazia"]
[Result "1/2-1/2"]
[WhiteElo "2030"]
[BlackElo "2095"]
[PlyCount "51"]
[EventDate "2006.11.09"]

1. e4 c5 2. Nf3 d6 3. d4 cxd4 4. Nxd4 Nf6 5. Nc3 a6 6. Be2 e5 7. Nb3 Be6 8. O-O
Nbd7 9. Re1 Rc8 10. Bf3 Qc7 11. Be3 b5 12. Rc1 Be7 13. g4 b4 14. Nd5 Bxd5 15.
exd5 Nc5 16. Nxc5 dxc5 17. c4 O-O 18. g5 Nd7 19. Be4 Bd6 20. Kh1 f5 21. gxf6
Nxf6 22. Qd3 Nxe4 23. Qxe4 Qf7 24. Rg1 Qf3+ 25. Qxf3 Rxf3 26. Rg4 1/2-1/2

[Event "III Torneo A Natale Vomero"]
[Site "Napoli ITA"]
[Date "2006.11.23"]
[Round "3"]
[White "Esposito, Rosario"]
[Black "Rosato, Luciano"]
[Result "0-1"]
[WhiteElo "1700"]
[BlackElo "2230"]
[PlyCount "62"]
[EventDate "2006.11.09"]

1. d4 Nf6 2. c4 g6 3. Nc3 Bg7 4. e4 d6 5. f3 O-O 6. Be3 b6 7. Qd2 c5 8. d5 Nbd7
9. O-O-O b5 10. cxb5 a6 11. b6 Qxb6 12. Bd3 Ne5 13. Nge2 Rb8 14. Na4 Qb7 15.
Nec3 Bd7 16. Qc2 Bb5 17. Nxb5 axb5 18. Nc3 c4 19. Be2 b4 20. Nb1 b3 21. axb3
cxb3 22. Qd2 Rfc8+ 23. Nc3 Ra8 24. Bd3 Rxc3+ 25. bxc3 Ra2 26. Qxa2 Nxd3+ 27.
Rxd3 bxa2 28. Kc2 Qa6 29. Ra1 Nd7 30. Rd2 Qa4+ 31. Kc1 Qa3+ 0-1

[Event "III Torneo A Natale Vomero"]
[Site "Napoli ITA"]
[Date "2006.11.23"]
[Round "3"]
[White "Tesone, Crescenzo"]
[Black "Di Giulio, Massimo"]
[Result "0-1"]
[WhiteElo "1737"]
[BlackElo "2015"]
[PlyCount "79"]
[EventDate "2006.11.09"]

1. e4 c5 2. Nf3 d6 3. d4 cxd4 4. Nxd4 Nf6 5. Nc3 g6 6. Be3 Bg7 7. f3 O-O 8. Qd2
Nc6 9. g4 Nxd4 10. Bxd4 Be6 11. O-O-O Qa5 12. Kb1 Rfc8 13. a3 Rab8 14. g5 Nh5
15. Nd5 Qxd2 16. Rxd2 Bxd5 17. exd5 Bxd4 18. Rxd4 Rc5 19. Bh3 b6 20. Re1 Rb7
21. Re3 Rbc7 22. c3 Kf8 23. Kc2 Rc4 24. Rde4 R4c5 25. Rd3 Rc4 26. Rde3 Nf4 27.
Rxc4 Rxc4 28. Bf1 Rc5 29. Re4 Nxd5 30. h4 f5 31. gxf6 Nxf6 32. Rd4 d5 33. b4
Rc7 34. Bh3 e5 35. Rd3 Ke7 36. Kb3 Kd6 37. a4 Rc4 38. h5 Nxh5 39. Bf1 Rf4 40.
c4 0-1

[Event "III Torneo A Natale Vomero"]
[Site "Napoli ITA"]
[Date "2006.11.30"]
[Round "4"]
[White "Della Ragione, Achille"]
[Black "Esposito, Pino"]
[Result "1-0"]
[WhiteElo "2003"]
[BlackElo "1771"]
[PlyCount "106"]
[EventDate "2006.11.09"]

1. c4 g6 2. Nc3 Bg7 3. g3 d6 4. Bg2 c6 5. d3 Nd7 6. e4 e5 7. Nge2 Ne7 8. h4 h5
9. O-O a5 10. b3 O-O 11. Be3 Nc5 12. Qd2 Kh7 13. d4 Na6 14. Rad1 Qc7 15. dxe5
dxe5 16. Qd6 Bg4 17. f3 Be6 18. Qxc7 Nxc7 19. Bb6 Rfc8 20. Na4 Ra6 21. Bxc7
Rxc7 22. Nc5 Ra8 23. Nxe6 fxe6 24. Bh3 c5 25. Bxe6 Nc6 26. Rd7 Rxd7 27. Bxd7
Nd4 28. Nxd4 cxd4 29. Be6 Rf8 30. f4 b6 31. f5 gxf5 32. Bxf5+ Kh6 33. Rc1 Rd8
34. Kf2 Bf8 35. Rd1 Be7 36. Ke2 Rg8 37. Rd3 Rf8 38. Rf3 Kg7 39. Kd3 Kh6 40. Kc2
Kg7 41. Kb2 Kh6 42. a3 Kg7 43. Ka2 Kh6 44. Rd3 Rg8 45. Rf3 Rf8 46. b4 axb4 47.
axb4 Bxb4 48. Kb3 Be1 49. Ka4 Rg8 50. Rb3 Bxg3 51. Rxb6+ Kg7 52. c5 d3 53. Rd6
53... Bf2 {...} 1-0